000 00623nam a2200205 i 4500
001 bgj
100 1 _aEVANS, Virginia
245 1 0 _aUpstream :
_belementary : student's book /
_cVirginia Evans, Jenny Dooley.
260 _aNewbury, Berkshire :
_bExpress Publishing,
_c2005.
300 _a152 pp :
_bill. ;
_c30 cm.
650 9 _aEnglish language
_xSecondary schools
_xCEF |A2
_xElementary
655 _aTextbooks for foreigners
700 1 _aDOOLEY, Jenny.
_eco-author
020 _a1844665720
040 _cBPK
041 0 _aeng
920 _a1-84466-572-0
942 _cKS
008 s uk f |000 0 eng
999 _c49025
_d49025